000 01053nam a22003377a 4500
001 BR8107512
003 BR-BrBNA
005 20230928091120.0
007 ta
008 230509b bl.||||| |||| 00| 0 por d
040 _aBR-BrBNA
_bpor
_cBiblioteca Nacional de Agricultura
041 _a(Por)
072 _aE30; E15; C00
_b/G514
090 _ E30 BR8107512
110 1 _aGoverno do Estado do Rio Grande do Sul, Porto Alegre (Brasil)
_95400
245 1 _aProjeto Integrado de Promocao de Agricultores de Baixa Renda - PRO-RENDA. v. 4 o projeto. pt. 11 subprojeto de educacao. Anexo 1 [Rio Grande do Sul, Brasil]
260 3 _aPorto Alegre, RS (Brasil):
_c1981.
300 _a127 p.
500 _a20 tables
650 _aPROJETO DE DESENVOLVIMENTO
650 _aDESENVOLVIMENTO RURAL
650 _aDESENVOLVIMENTO AGRICOLA
650 _aPEQUENO PRODUTOR
650 _aEDUCACAO
650 _aESCOLA
650 _aCUSTO
650 _aORCAMENTO
650 _aRIO GRANDE DO SUL
909 _a202309
_bLucia
_c55
_dLucia Elande
942 _cBK
999 _c32303
_d32303